000 00389nam a2200133Ia 4500
008 191111s9999 xx 000 0 und d
020 _a9789813156883
100 _aStevenson, William J.
245 _cWilliam J. Stevenson.--
_aOperations management /
250 _a13th ed
260 _aUSA :
_bMcGraw-Hill Education
_c2018
300 _axxxi, 890 pages.
650 _aProduction management
999 _c362684
_d362684